[Event "Hoogovens"]
[Site "Wijk aan Zee"]
[Date "1982.??.??"]
[Round "?"]
[White "Tal, Mihail"]
[Black "Christiansen, Larry Mark"]
[Result "1-0"]
[WhiteElo "2605"]
[BlackElo "2585"]

1.e4 g6 2.d4 Bg7 3.c4 d6 4.Nc3 Nc6 5.Be3 Nf6 6.d5 Ne5 7.f4 Ned7 8.Nf3 O-O
9.Be2 e6 10.dxe6 fxe6 11.Ng5 Qe7 12.O-O b6 13.Bf3 Rb8 14.Qd2 Bb7 15.Rae1 h6
16.Nh3 Nc5 17.e5 Nfe4 18.Nxe4 Nxe4 19.Qc2 d5 20.Bxe4 dxe4 21.Nf2 Qf7 22.Nxe4 Qf5
23.Bd2 Rbd8 24.Bc3 Rf7 25.Qe2 Bxe4 26.Qxe4 Bf8 27.Rf3 Bc5+ 28.Kf1 a5 29.Qxf5 gxf5
30.Rg3+ Kh7 31.Ke2 Rfd7 32.a3 a4 33.Rf1 c6 34.Rff3 Bg1 35.Rf1 Bc5 36.Rc1 h5
37.Rc2 Rg8 38.Rxg8 Kxg8 39.Rd2 Rxd2+ 40.Kxd2 Kf7 41.Kd3 Be7 42.Bd4 b5 43.Ba7 Ke8
44.Kd4 Kd7 45.Bb6 Bh4 46.g3 Be7 47.h3 b4 48.Bc5 bxa3 49.Bxa3 Bd8 50.Bb4 Kc8
51.Be1 Kb7 52.c5 Ka6 53.Kc4 Ba5 54.Bxa5 Kxa5 55.h4 a3 56.bxa3 Ka4 57.Kd3  1-0

[Event "Hoogovens"]
[Site "Wijk aan Zee"]
[Date "1982.??.??"]
[Round "?"]
[White "Tal, Mihail"]
[Black "Sunye Neto, Jaime"]
[Result "1-0"]
[WhiteElo "2605"]
[BlackElo "2475"]

1.e4 c5 2.Nf3 e6 3.d4 cxd4 4.Nxd4 a6 5.Bd3 d6 6.O-O Nf6 7.c4 Be7 8.Nc3 O-O
9.Be3 Nbd7 10.f4 g6 11.Kh1 Re8 12.Nf3 Qc7 13.Qe2 b6 14.e5 Ng4 15.Bd4 Bb7
16.Rae1 Rad8 17.Bc2 dxe5 18.fxe5 Bxf3 19.gxf3 Nh6 20.Rd1 Rf8 21.Be3 Kg7 22.Bf4 Nf5
23.a3 Rfe8 24.b4 Kh8 25.Ne4 Nb8 26.Nd6 Rf8 27.Bxf5 gxf5 28.Bh6 f6 29.Rg1  1-0

[Event "Hoogovens"]
[Site "Wijk aan Zee"]
[Date "1982.??.??"]
[Round "?"]
[White "Tal, Mihail"]
[Black "Sosonko, Gennadi"]
[Result "1-0"]
[WhiteElo "2605"]
[BlackElo "2580"]

1.e4 c5 2.Nf3 Nc6 3.d4 cxd4 4.Nxd4 Nf6 5.Nc3 d6 6.Bg5 e6 7.Qd2 Nxd4 8.Qxd4 Bd7
9.O-O-O Qa5 10.Bd2 a6 11.Be2 Bc6 12.f3 Qc7 13.g4 Be7 14.g5 Nh5 15.Qg1 b5
16.f4 g6 17.a3 Ng7 18.h4 Rc8 19.Kb1 d5 20.exd5 exd5 21.Bg4 O-O 22.Qd4 Rcd8
23.h5 gxh5 24.Bxh5 Qd6 25.Be2 Nf5 26.Qd3 d4 27.Qxf5 Qg6 28.Qxg6+ fxg6 29.Na2 Bxh1
30.Rxh1 Bd6 31.Rf1 Kg7 32.Nc1 Rde8 33.Bd3 Be7 34.Nb3 Rd8 35.Re1  1-0

[Event "Hoogovens"]
[Site "Wijk aan Zee"]
[Date "1982.??.??"]
[Round "?"]
[White "Sunye Neto, Jaime"]
[Black "Christiansen, Larry Mark"]
[Result "0-1"]
[WhiteElo "2475"]
[BlackElo "2585"]

1.c4 e5 2.Nc3 Nf6 3.Nf3 Nc6 4.d3 Bb4 5.Bd2 O-O 6.a3 Bxc3 7.Bxc3 Re8 8.e4 d6
9.h3 a6 10.Be2 b5 11.cxb5 axb5 12.O-O Rb8 13.b4 Ne7 14.Re1 Ng6 15.Bf1 Bb7
16.Rc1 c5 17.Nd2 Ba8 18.Nb3 c4 19.dxc4 Nxe4 20.cxb5 Nf4 21.Re3 Re6 22.Na5 Rxb5
23.Bxb5 Rg6 24.g4 Nxf2 25.Kxf2 Qh4+ 26.Kg1 Nxh3+ 27.Rxh3 Qxh3 28.Bc6 Qg3+
29.Kf1 Rf6+  0-1

[Event "Hoogovens"]
[Site "Wijk aan Zee"]
[Date "1982.??.??"]
[Round "?"]
[White "Sosonko, Gennadi"]
[Black "Huebner, Robert"]
[Result "1/2-1/2"]
[WhiteElo "2580"]
[BlackElo "2620"]

1.d4 Nf6 2.c4 g6 3.Nc3 Bg7 4.e4 O-O 5.Nf3 d6 6.Be2 e5 7.O-O Nc6 8.d5 Ne7
9.Ne1 Nd7 10.Nd3 f5 11.Bd2 Nf6 12.f3 f4 13.c5 c6 14.cxd6 Qxd6 15.dxc6 Nxc6
16.Nb5 Qe7 17.Nb4 Be6 18.Nxc6 bxc6 19.Na3 Nd7 20.Qc2 Rab8 21.Rfc1 Rfd8 22.Ba5 Nb6
23.Be1 Bf8 24.Ba6  1/2-1/2

[Event "Hoogovens"]
[Site "Wijk aan Zee"]
[Date "1982.??.??"]
[Round "?"]
[White "Kavalek, Lubomir"]
[Black "Chandler, Murray G"]
[Result "1/2-1/2"]
[WhiteElo "2560"]
[BlackElo "2470"]

1.e4 d6 2.d4 Nf6 3.f3 Nbd7 4.c4 e5 5.Ne2 g6 6.Be3 Bg7 7.Nbc3 O-O 8.d5 Nh5
9.Qd2 f5 10.O-O-O Nc5 11.exf5 gxf5 12.Ng3 Nf4 13.Bxf4 exf4 14.Nh5 Bh6 15.Nxf4 a5
16.Kb1 Bd7 17.g3 a4 18.a3 Ra6 19.Bd3 Rb6 20.Bc2 Re8 21.Rhe1 Re5 22.Re3 Qe8
23.Rde1 Bg7 24.Nd3 Rxe3 25.Rxe3 Qf7 26.Nxc5 dxc5 27.f4 Bd4 28.Re5 Qf6 29.Qe1 Kf8
30.Ka2 Kg8 31.Bd1 Kf8 32.Re2 Kg8 33.Qd2 Qd6 34.Qc1 Ra6 35.Ka1 Ra8 36.Bc2 c6
37.Qe1 Kf8 38.dxc6 Qxc6 39.Nb5 Bg7 40.Qb1 Qf3 41.Bd1 Bxb5 42.Re8+ Rxe8 43.Bxf3 Bd7
44.Qd1 Bd4 45.Qd2 Re3 46.Bd1 b6 47.Bc2 Rxa3+ 48.Kb1 Re3 49.Qg2 a3 50.Qa8+ Ke7
51.bxa3 Re1+ 52.Ka2 Re2 53.Kb1 Re1+  1/2-1/2

[Event "Hoogovens"]
[Site "Wijk aan Zee"]
[Date "1982.??.??"]
[Round "?"]
[White "Christiansen, Larry Mark"]
[Black "Huebner, Robert"]
[Result "0-1"]
[WhiteElo "2585"]
[BlackElo "2620"]

1.d4 g6 2.e4 Bg7 3.Nc3 d6 4.f4 Nf6 5.Nf3 O-O 6.Be3 Nc6 7.Qd2 Bg4 8.O-O-O Re8
9.e5 dxe5 10.fxe5 Nd5 11.Bc4 Nb6 12.Bb3 Na5 13.Bh6 Nxb3+ 14.axb3 a5 15.Bxg7 Kxg7
16.d5 a4 17.bxa4 Nxa4 18.Kb1 c6 19.Nxa4 Rxa4 20.b3 Re4 21.Qc3 cxd5 22.Rdf1 Qc8
23.Qb2 Bxf3 24.gxf3 Rf4 25.h4 h5 26.e6+ f6 27.Re1 Rxf3 28.Qd4 Qc3 29.Qa4 Rf2
30.Rc1 Rc8 31.Qa2 d4 32.Rhd1 d3  0-1

[Event "Hoogovens"]
[Site "Wijk aan Zee"]
[Date "1982.??.??"]
[Round "?"]
[White "Chandler, Murray G"]
[Black "Sosonko, Gennadi"]
[Result "0-1"]
[WhiteElo "2470"]
[BlackElo "2580"]

1.e4 c5 2.c3 d5 3.exd5 Qxd5 4.d4 Nf6 5.Nf3 e6 6.Bd3 Nc6 7.O-O Be7 8.c4 Qh5
9.Nc3 cxd4 10.Nb5 O-O 11.Nfxd4 Nxd4 12.Nxd4 Rd8 13.Nc2 Qh4 14.Qe2 e5 15.g3 Qh3
16.f3 Rxd3 17.Qxd3 Bf5 18.Qe2 Bxc2 19.Qxc2 Bc5+ 20.Rf2 e4 21.b4 Bxf2+ 22.Qxf2 exf3
23.Qxf3 Qe6 24.Bb2 Ne4 25.Rd1 Re8 26.Qd3 Qb6+ 27.Bd4 Qxb4 28.Bxa7 b6 29.Qd7 Qc5+
30.Kh1 Nf6 31.Qb7 h5 32.Bxb6 Qxc4 33.Qf3 Re2 34.Rd8+ Kh7 35.Bg1 Rxa2 36.Rd4 Qe2
37.Rf4 Kg6 38.Qxe2 Rxe2 39.Rf2 Re1 40.Kg2 Ne4 41.Ra2 f6 42.Bf2 Rb1 43.Kf3 Ng5+
44.Kg2 Rb3 45.Ba7 Nf3 46.Bf2 Rc3 47.Re2 Ng5 48.Be3 Ne6 49.Bg1 Kf7 50.Ra2 f5
51.Rf2 Kf6 52.Rf3 Rc2+ 53.Rf2 Rc4 54.h4 f4 55.Bh2 Kf5 56.Ra2 Kg4 57.gxf4 Nd4
58.Kh1 Rc2 59.Ra7 Nf5 60.Rf7 g6 61.Rf6 Kh3  0-1

[Event "Hoogovens"]
[Site "Wijk aan Zee"]
[Date "1982.??.??"]
[Round "?"]
[White "Chandler, Murray G"]
[Black "Huebner, Robert"]
[Result "0-1"]
[WhiteElo "2470"]
[BlackElo "2620"]

1.e4 c5 2.g3 d5 3.exd5 Qxd5 4.Nf3 Bg4 5.Bg2 Qe6+ 6.Kf1 Nc6 7.h3 Bh5 8.Nc3 Nf6
9.d3 Qd7 10.Bf4 e6 11.g4 Bg6 12.Ne5 Nxe5 13.Bxe5 Bd6 14.Qe2 Bxe5 15.Qxe5 Rc8
16.Bf3 O-O 17.Rg1 Qd4 18.Re1 Qxe5 19.Rxe5 c4 20.h4 h6 21.h5 Bh7 22.dxc4 Rxc4
23.g5 hxg5 24.Rexg5 Kh8 25.Ra5 Rb4 26.Rxa7 Rxb2 27.Bxb7 Rxc2 28.Rg3 Nxh5
29.Rf3 g5 30.Kg2 Nf4+ 31.Kh2 Kg7 32.Rg3 Bg6  0-1

[Event "Hoogovens"]
[Site "Wijk aan Zee"]
[Date "1982.??.??"]
[Round "?"]
[White "Balashov, Yuri S"]
[Black "Tal, Mihail"]
[Result "1/2-1/2"]
[WhiteElo "2595"]
[BlackElo "2605"]

1.e4 e5 2.Nf3 Nc6 3.Bb5 a6 4.Ba4 Nf6 5.O-O Be7 6.Re1 b5 7.Bb3 O-O 8.c3 d5
9.exd5 Nxd5 10.Nxe5 Nxe5 11.Rxe5 c6 12.Bxd5 cxd5 13.d4 Bd6 14.Re3 Qh4 15.h3 Qf4
16.Re5 Qf6 17.Re3 Qf4 18.Re5  1/2-1/2

[Event "Hoogovens"]
[Site "Wijk aan Zee"]
[Date "1982.??.??"]
[Round "?"]
[White "Ree, Hans"]
[Black "Van der Wiel, John TH"]
[Result "0-1"]
[WhiteElo "2475"]
[BlackElo "2470"]

1.Nf3 g6 2.d4 Bg7 3.c4 d6 4.Nc3 Bg4 5.e3 Nc6 6.Be2 Nh6 7.d5 Bxf3 8.Bxf3 Ne5
9.Be2 Nf5 10.O-O O-O 11.f4 Nd7 12.Bd3 e6 13.Bd2 Nc5 14.Bc2 c6 15.Qf3 Qb6
16.Rab1 cxd5 17.cxd5 Rac8 18.Kh1 Qa6 19.g4 Ne7 20.e4 b5 21.a3 exd5 22.exd5 Qb7
23.Rbd1 f5 24.g5 a5 25.Rfe1 Rf7 26.Bc1 Bxc3 27.bxc3 Na4 28.Bxa4 bxa4 29.Re6 Qb3
30.Rxd6 h6 31.Qe2 Rc4 32.Re6 Re4 33.Rxe4 fxe4 34.d6 Nd5 35.Rd4 e3 36.Bxe3 hxg5
37.Qd3 Nxe3 38.Qxe3 gxf4 39.Rxf4 Qd5+ 40.Kg1 Qg5+  0-1